Wastewater engineering : treatment, disposal, reuse
Αποθηκεύτηκε σε:
| Συγγραφή απο Οργανισμό/Αρχή: | |
|---|---|
| Άλλοι συγγραφείς: | |
| Μορφή: | Βιβλίο |
| Γλώσσα: | English |
| Δημοσίευση: |
New Delhi :
Tata McGraw-Hill,
1988
|
| Έκδοση: | 2nd ed., rev. |
| Θέματα: | |
| Ετικέτες: |
Προσθήκη ετικέτας
Δεν υπάρχουν, Καταχωρήστε ετικέτα πρώτοι!
|
MARC
| LEADER | 00000nam a2200000 i 4500 | ||
|---|---|---|---|
| 001 | 1/65597 | ||
| 008 | 931012s1988 eng d | ||
| 020 | |a 0-07-099461-7 | ||
| 035 | |a ΛΕΣΒΟΣb10001582 |l 10001582 | ||
| 040 | |a GR-MY-UA |b gre |e aacr | ||
| 041 | 0 | |a eng | |
| 082 | 0 | |a 628.3 | |
| 110 | 2 | |a Metcalf & Eddy. | |
| 245 | 1 | 0 | |a Wastewater engineering : |b treatment, disposal, reuse / |c reviced by George Tchobanoglous |
| 250 | |a 2nd ed., rev. | ||
| 260 | |a New Delhi : |b Tata McGraw-Hill, |c 1988 | ||
| 300 | |a xviii, 920 σ.; |b εικ.; |c 24 εκ. | ||
| 504 | |a Περιέχει βιβλιογραφικές παραπομπές και ευρετήριο | ||
| 650 | 0 | 0 | |a Sewage |x Purification. |
| 650 | 0 | 0 | |a Sewage disposal. |
| 700 | 1 | |a Τσομπάνογλου, Γιώργος. |4 edt | |
| 852 | |a INST |b LESVOS |e 19961017 |h 628.3 MET |p 005100009009 |q 005100009009 |t BK |y 0 | ||
| 852 | |a INST |b LESVOS |e 19931012 |h 628.3 MET |p 005100024613 |q 005100024613 |t BK |y 0 | ||
| 909 | |a Λ |b 011968 | ||